| 000 | 00693 a2200181 4500 | ||
|---|---|---|---|
| 999 |
_c200 _d200 |
||
| 020 | _a9780702197925 | ||
| 050 | _aHF5616 OPP 2013 | ||
| 100 |
_aOppermann, H.R.B. _eeditor |
||
| 245 |
_aAccounting Standards : _ba Comprehensive Question Book on International Financial Reporting Standards / _cedited by H.R.B. Oppermann, ... [et al.]. |
||
| 250 | _a15th. ed. | ||
| 264 |
_aCape Town : _bJuta and Company, _c2013 |
||
| 300 | _a728p. : | ||
| 500 | _aFormerly published under the title: Accounting statements and guidelines. | ||
| 650 |
_aAccounting -- Standards _xSouth Africa |
||
| 700 |
_aBooysen, S.F. _eauthor |
||
| 700 |
_aVan Der Merwe, N. _eauthor |
||
| 942 |
_2lcc _cBK _e15th ed. _h5616 _iOPP _kHF |
||